Khảo sát tác động của chất thải từ ao nuôi cá tra (Pangasianodon hypophthalmus) lên môi trường nước xung quanh và sử dụng bùn đáy ao cho canh tác lúa ở huyện Châu Phú và Phú Tân tỉnh An Giang : Luận văn Thạc sĩ Khoa học Nông nghiệp. Chuyên ngành: Khoa học Môi trường
Nội dung nghiên cứu là điều tra hiện trạng kinh tế-xã hội-môi trường của vùng nuôi cá tra có liên quan vấn đề thải hoặc tái sử dụng bùn đáy ao, đánh giá chất lượng nước của kênh rạch-nơi chấp nhận chất thải từ ao nuôi cá tra, phân ti...
Spremljeno u:
| Glavni autor: | |
|---|---|
| Format: | Knjiga |
| Jezik: | Undetermined |
| Izdano: |
Cần Thơ
Trường Đại học Cần Thơ
2008
|
| Teme: | |
| Oznake: |
Dodaj oznaku
Bez oznaka, Budi prvi tko označuje ovaj zapis!
|
| Thư viện lưu trữ: | Trung tâm Học liệu Trường Đại học Cần Thơ |
|---|
| LEADER | 01530nam a2200217Ia 4500 | ||
|---|---|---|---|
| 001 | CTU_139530 | ||
| 008 | 210402s9999 xx 000 0 und d | ||
| 082 | |a 639.311 | ||
| 082 | |b Ph506 | ||
| 088 | |a 60440301 | ||
| 100 | |a Nguyễn, Thị Bé Phúc | ||
| 245 | 0 | |a Khảo sát tác động của chất thải từ ao nuôi cá tra (Pangasianodon hypophthalmus) lên môi trường nước xung quanh và sử dụng bùn đáy ao cho canh tác lúa ở huyện Châu Phú và Phú Tân tỉnh An Giang : | |
| 245 | 0 | |b Luận văn Thạc sĩ Khoa học Nông nghiệp. Chuyên ngành: Khoa học Môi trường | |
| 245 | 0 | |c Nguyễn Thị Bé Phúc; Cao Văn Phụng (Giáo viên hướng dẫn) | |
| 260 | |a Cần Thơ | ||
| 260 | |b Trường Đại học Cần Thơ | ||
| 260 | |c 2008 | ||
| 520 | |a Nội dung nghiên cứu là điều tra hiện trạng kinh tế-xã hội-môi trường của vùng nuôi cá tra có liên quan vấn đề thải hoặc tái sử dụng bùn đáy ao, đánh giá chất lượng nước của kênh rạch-nơi chấp nhận chất thải từ ao nuôi cá tra, phân tích các đặc điểm lý, hóa học của bùn đáy ao nuôi cá tra,... | ||
| 650 | |a Bùn đáy ao,Pond sediments,Pond aquaculture,Ao nuôi cá tra (Pangasianodon hypophthalmus) | ||
| 904 | |i Năm | ||
| 980 | |a Trung tâm Học liệu Trường Đại học Cần Thơ | ||